[Event "2. Bundesliga West 2013/14"]
[Site "Salzburg"]
[Date "2014.03.09"]
[Round "11"]
[Board "5"]
[White "Herrmann, Michael"]
[Black "Hofer, Emilian"]
[Result "0-1"]
[WhiteElo "2115"]
[BlackElo "2046"]
[PlyCount "144"]
[EventDate "2013.10.18"]
[EventType "team"]
[EventRounds "11"]
[EventCountry "AUT"]
[WhiteTeam "ASK Salzburg 1"]
[BlackTeam "Hohenems II"]

1.c4 e5 2.g3 Nf6 3.Bg2 d5 4.cxd5 Nxd5 5.Nc3 Nb6 6.Nf3 Nc6 7.O-O Be7 8.a3 O-O 9.b4
Be6 10.Rb1 Nd7 11.Bb2 f5 12.d3 Bf6 13.Na4 Bd5 14.e4 Be6 15.d4 fxe4 16.Nxe5 Ndxe5 17.dxe5
Qxd1 18.Rfxd1 Nxe5 19.Bxe4 Bg4 20.Rd5 Rae8 21.Kg2 c6 22.Rd4 Kh8 23.Bc2 Bf3+ 24.Kg1
Bd5 25.Rf4 Nf3+ 26.Rxf3 Bxf3 27.Bxf6 Rxf6 28.Nc5 b6 29.Nd3 Rfe6 30.Kf1 Be4 31.Ne1
Bxc2 32.Nxc2 Rd8 33.Ne3 Kg8 34.Rb3 Kf7 35.h4 Rd4 36.Rc3 Rd2 37.Kg2 h5 38.Nc4 Ra2 39.Rd3
Rf6 40.Ne5+ Ke8 41.Nf3 Ke7 42.Nd2 Rd6 43.Re3+ Re6 44.Ne4 Rb2 45.Kf3 a5 46.bxa5 bxa5
47.Kf4 a4 48.Rc3 Rb3 49.Rc5 g6 50.Ra5 Rxa3 51.Ra7+ Kf8 52.f3 Ra1 53.Kg5 Re7 54.Ra6
Kg7 55.Rxc6 Re5+ 56.Kf4 Rf5+ 57.Ke3 Ra3+ 58.Kd4 Rfxf3 59.Ra6 Rf7 60.Ke5 Re7+ 61.Kf4
Rxe4+ 62.Kxe4 Rxg3 63.Ra7+ Kh6 64.Ke5 Rg4 65.Ra8 Rxh4 66.Kf6 Rf4+ 67.Ke5 Kg5 68.Ra6
h4 69.Ra8 h3 70.Rc8 h2 71.Rc1 Rh4 72.Rh1 a30-1 0-1

[Event "2. Bundesliga West 2013/14"]
[Site "Salzburg"]
[Date "2014.03.09"]
[Round "11"]
[Board "6"]
[White "Kuntner, Reinhard"]
[Black "Pruell, Lukas"]
[Result "0-1"]
[WhiteElo "1943"]
[BlackElo "1975"]
[PlyCount "156"]
[EventDate "2013.10.18"]
[EventType "team"]
[EventRounds "11"]
[EventCountry "AUT"]
[WhiteTeam "Hohenems II"]
[BlackTeam "ASK Salzburg 1"]

1.d4 Nf6 2.Nf3 g6 3.c4 Bg7 4.Nc3 d6 5.Qc2 O-O 6.g3 c6 7.Bg2 Be6 8.Nd2 d5 9.cxd5 Nxd5
10.Nxd5 cxd5 11.Nb3 Nc6 12.Be3 Qb6 13.Qd2 Rfc8 14.O-O Qb4 15.Rfd1 Qxd2 16.Rxd2 b6
17.Rad1 a5 18.Nc1 Ra7 19.Bf4 h6 20.h4 a4 21.e4 Bg4 22.f3 Be6 23.Ne2 a3 24.b3 Nb4 25.Rc1
Rxc1+ 26.Nxc1 Ra8 27.Be3 Rc8 28.Ne2 Nc2 29.Bf2 dxe4 30.d5 e3 31.Bxe3 Bxd5 32.Bxb6
Bxb3 33.Nc1 Be6 34.f4 Bb2 35.Ne2 Bxa2 36.Be4 Nb4 37.Ba5 Na6 38.Bb7 Rc5 39.Bd8 Nc7
40.Bxe7 Rb5 41.Bc6 Rb6 42.Be4 Re6 43.Rd8+ Kh7 44.Bxa3 Bxa3 45.Nc3 Bc4 46.f5 Rd6 47.fxg6+
fxg6 48.Rc8 Bc5+ 49.Kh1 Rd7 50.h5 Bf7 51.Bc6 Re7 52.Ne4 Be6 53.Nf6+ Kg7 54.Rxc7 Kxf6
55.Rxe7 Bxe7 56.hxg6 Kxg6 57.Kg2 Kg5 58.Kf3 Bg4+ 59.Kg2 Bd6 60.Bb7 Kf6 61.Bc6 Ke5
62.Bb7 Kd4 63.Bc6 Ke3 64.Bb7 Be2 65.Bc6 Kd2 66.Bf3 Bc4 67.Bc6 Ke1 68.Kf3 Be2+ 69.Kg2
Bf1+ 70.Kf3 Bh3 71.Bb5 Be6 72.Bc6 Kf1 73.g4 Bc4 74.Bd7 Bd5+ 75.Ke3 Kg2 76.Kd4 Bb7
77.Bf5 Kg3 78.Ke3 Bf80-1 0-1